| 000 | 00486nam a2200205Ia 4500 | ||
|---|---|---|---|
| 003 | OSt | ||
| 005 | 20140317132549.0 | ||
| 008 | 140130s9999 xx 000 0 und d | ||
| 020 | _a9780375822742 | ||
| 050 |
_aPZ 7.7 _b.D93Ci 2004 |
||
| 100 | _aDuPrau, Jeanne | ||
| 245 |
_aThe city of ember / _cJeanne DuPrau. |
||
| 260 |
_bScholastic, _c2004. _aNew York : |
||
| 300 |
_a270 p. : _c19 cm. |
||
| 440 | _v1 | ||
| 521 | _aG4 | ||
| 526 | _c680 | ||
| 942 |
_cBK _2lcc |
||
| 999 |
_c40947 _d40947 |
||